TECHNICAL REPORT WRITING TODAY (Record no. 1511)

MARC details
000 -LEADER
fixed length control field 00346nam a2200145Ia 4500
008 - FIXED-LENGTH DATA ELEMENTS--GENERAL INFORMATION
fixed length control field 240624s9999 xx 000 0 und d
041 ## - LANGUAGE CODE
Language code of text/sound track or separate title eng
082 ## - DEWEY DECIMAL CLASSIFICATION NUMBER
Classification number 808.066 PAU
100 ## - MAIN ENTRY--PERSONAL NAME
Personal name PAULEY STEVEN E
245 ## - TITLE STATEMENT
Title TECHNICAL REPORT WRITING TODAY
250 ## - EDITION STATEMENT
Edition statement (5th ed.)
260 ## - PUBLICATION, DISTRIBUTION, ETC.
Date of publication, distribution, etc. 2004
Place of publication, distribution, etc. Delhi
Name of publisher, distributor, etc. A.I.T.B.S.
300 ## - PHYSICAL DESCRIPTION
Extent xxii, : 500
365 ## - TRADE PRICE
Currency code RS
Holdings
Withdrawn status Lost status Damaged status Not for loan Home library Current library Shelving location Date acquired Source of acquisition Cost, normal purchase price Total Holds Full call number Barcode Date last seen Copy number Price effective from Koha item type
        IMTN IMTN Rack 38-A 12/08/2004 AITBS 175.00 238 808.066 PAU 1511 06/24/2024 1 06/24/2024 Books
Designed & Maintained by: LRC IMT Nagpur Contact: lrc@imtnag.ac.in© 2024. All Rights Reserved.